000 00854nmm a2200265 a 4500
001 ocm000906593
003 TR-IsHL
005 20201028144912.0
008 141121s1986 tu tur
007 cr cn
020 _a9789753101585
035 _a906593
_b(N$T)
050 0 4 _aPL230
_b.E746 1986
090 0 4 _aPL230
_b.E746 1986
100 1 _aErdoğan, Fatih
245 1 0 _aDedem bana düdük yaptı
_h[electronic resource] /
_cFatih Erdoğan ; resimleyen Fatih Erdoğan
260 _aİstanbul :
_bMavibulut Yayınları,
_c1986
300 _a17 p.
650 4 _aDil ve Edebiyat
650 4 _aLanguage and Literature
650 0 _aÇocuk edebiyatı
650 0 _aChildren literature
650 7 _aJUVENILE FICTION / General
_2bisacsh
856 4 0 _uhttp://search.ebscohost.com/login.aspx?direct=true&scope=site&db=e011xww&AN=906593
999 _c9674
_d9674